| 000 | 00925nam a2200217 a 4500 | ||
|---|---|---|---|
| 003 | EG-GiCUC | ||
| 008 | 220109s198u ua g 000 0 ara d | ||
| 040 |
_aEG-GiCUC _bara _cEG-GiCUC |
||
| 092 | 0 | 4 |
_a214.614599392 _bM2148 _221 |
| 099 |
_a04 _a214.614599392 M2148 |
||
| 100 | 1 | _aالمهدي: محمد المختار محمد. | |
| 245 | 1 | 0 |
_aالرؤية الإسلامية في مواجهة مرض الإيدز / _cمحمد المختار محمد المهدي. |
| 260 |
_aالقاهرة : _bالجمعية الشرعية الرئيسية لتعاون العاملين بالكتاب و السنة المحمدية: هيئة العلماء: _c[1988] . |
||
| 300 |
_a109 ص. ؛ _c17 سم. |
||
| 504 | _aيشتمل على ارجاعات ببليوجرافية. | ||
| 650 | 7 |
_aالإسلام و الإيدز _2qrmak |
|
| 902 | _a2 | ||
| 905 |
_aاسماء _eمدخل |
||
| 905 |
_aرضا _eمراجع |
||
| 942 |
_2ddc _cBK |
||
| 999 |
_c161782 _d161782 |
||